Claudio Gay. Diario de su primer viaje a Chile en 1828. Manuscrito inédito.
Salvato in:
| Autore principale: | |
|---|---|
| Altri autori: | |
| Natura: | Libro |
| Lingua: | spagnolo |
| Pubblicazione: |
Santiago, Chile:
Ediciones Fundación Claudio Gay,
2008.
|
| Soggetti: | |
| Tags: |
Aggiungi Tag
Nessun Tag, puoi essere il primo ad aggiungerne!!
|
MARC
| LEADER | 00000cam a2200000 a 4500 | ||
|---|---|---|---|
| 001 | UCF6396 | ||
| 003 | CL-VaPUC | ||
| 005 | 20250121152149.0 | ||
| 008 | 130425e20080000CL |||||||||||||||||spa|d | ||
| 999 | |c 351612 |d 351610 | ||
| 020 | |a 978-956-7743-06-3 | ||
| 040 | |c Pontificia Universidad Católica de Valparaíso | ||
| 082 | 0 | 4 | |a 983.05 GAY 2008 |2 21 |
| 100 | |a Gay, Claudio, |e 1800-1873 |9 435569 | ||
| 245 | 1 | 0 | |a Claudio Gay. |b Diario de su primer viaje a Chile en 1828. Manuscrito inédito. |
| 260 | |a Santiago, Chile: |b Ediciones Fundación Claudio Gay, |c 2008. | ||
| 300 | |a 230 páginas. | ||
| 500 | |a c.2 Donación Familia Prof. Alejandro Guzmán Brito. | ||
| 583 | |a last modification |c 20130425 11:23:00 |k Rodrigo Vera | ||
| 600 | 0 | |a Gay, Claudio, |e 1800-1873 |y 1800-1873 |x Diarios |9 435569 | |
| 651 | |a Chile |x Descripciones y viajes |9 867595 | ||
| 700 | |a Mizón Morales, Luis |e investigación histórica y traducción del francés |9 866489 | ||
| 942 | |c BK |2 ddc |n 0 | ||
| 945 | |d 20130425 00:00:00 |a dcastane | ||
| 952 | |0 0 |1 0 |4 0 |6 983_050000000000000_GAY_2008 |7 0 |8 A |9 455804 |a BIBDER |b BIBDER |d 2019-11-22 |i 4966228 |o 983.05 GAY 2008 |p 4966228 |r 2023-01-25 |w 2019-11-22 |y BK |k DER | ||
| 952 | |0 0 |1 0 |2 ddc |4 0 |6 983_050000000000000_GAY_2008 |7 1 |8 C_AGB |9 581102 |a BIBDER |b BIBDER |d 2022-02-03 |e Donación |i 5644496 |o 983.05 GAY 2008 |p 5644496 |r 2023-01-25 |t 2 |w 2022-02-03 |y BK_US |k AGB | ||